| 000 | 00680nam a2200169Ia 4500 | ||
|---|---|---|---|
| 008 | 100122s9999 xx 000 0 und d | ||
| 082 |
_b12166 _a294.5924 |
||
| 100 | _aकेतकर ग वि | ||
| 245 | _aगीतार्थ चर्चा | ||
| 260 |
_bअधिकारी प्रकाशन _c1963 |
||
| 300 | _a159 | ||
| 520 | _a"हिंदुधर्मग्रंथ, महाभारत, भगवद्गीता" | ||
| 620 | _a"हिंदुधर्मग्रंथ, महाभारत, भगवद्गीता" | ||
| 630 | _aगीतार्थ चर्चा | ||
| 730 | _aगीतार्थ चर्चा | ||
| 942 | _cBOOK | ||
| 999 |
_c403368 _d403365 |
||